000
00280nam a2200109Ia 4500
008
200302s9999 xx 000 0 und d
100
_a
Kate Hensler Fogarty
245
_a
Health Clubs Architecture & Design
260
_b
P B C International Inc.
260
_c
1998
300
_a
175 P.,
999
_c
5120
_d
5120